| 000 | 00506 a2200157 4500 | ||
|---|---|---|---|
| 999 |
_c3561 _d3561 |
||
| 020 | _a9780748735914 | ||
| 050 | _aLB 1574 JAC 1998 | ||
| 100 |
_aJackman, John _eAuthor |
||
| 245 |
_aPhenics and spelling : _bkey stage 1, Scotland P1-P3 / _cJohn Jackman |
||
| 264 |
_aCheltenham: _bStanley Thornes Ltd, _c1998 |
||
| 300 |
_axiii, 178p. : _bill. |
||
| 500 | _aIncludes index | ||
| 650 | _aReading -- Phenotic method | ||
| 650 | _aEnglish language -- orthography and spelling | ||
| 942 |
_2lcc _cBK _h1574 _iJAC _k1998 |
||